<?xml version="1.0" encoding="UTF-8"?>
<record
    xmlns:xsi="http://www.w3.org/2001/XMLSchema-instance"
    xsi:schemaLocation="http://www.loc.gov/MARC21/slim http://www.loc.gov/standards/marcxml/schema/MARC21slim.xsd"
    xmlns="http://www.loc.gov/MARC21/slim">

  <leader>03600cam a22003255i 4500</leader>
  <datafield tag="999" ind1=" " ind2=" ">
    <subfield code="c">22665</subfield>
    <subfield code="d">22637</subfield>
  </datafield>
  <controlfield tag="001">16130918</controlfield>
  <controlfield tag="003">EG-ScBUE</controlfield>
  <controlfield tag="005">20201027104059.0</controlfield>
  <controlfield tag="008">100311s2011    enk    frb    001 0 eng d</controlfield>
  <datafield tag="020" ind1=" " ind2=" ">
    <subfield code="a">9780415496681 (pbk. : alk. paper)</subfield>
  </datafield>
  <datafield tag="040" ind1=" " ind2=" ">
    <subfield code="a">DLC</subfield>
    <subfield code="b">eng</subfield>
    <subfield code="e">rda</subfield>
    <subfield code="c">DLC</subfield>
    <subfield code="d">EG-ScBUE</subfield>
  </datafield>
  <datafield tag="082" ind1="0" ind2="4">
    <subfield code="a">809.933552</subfield>
    <subfield code="b">LIT</subfield>
    <subfield code="2">22</subfield>
  </datafield>
  <datafield tag="245" ind1="0" ind2="0">
    <subfield code="a">Literature and globalization :</subfield>
    <subfield code="b">a reader /</subfield>
    <subfield code="c">edited by Liam Connell and Nicky Marsh.</subfield>
  </datafield>
  <datafield tag="264" ind1=" " ind2="1">
    <subfield code="a">London ;</subfield>
    <subfield code="a">New York :</subfield>
    <subfield code="b">Routledge / Taylor &amp; Francis Group,</subfield>
    <subfield code="c">2011.</subfield>
  </datafield>
  <datafield tag="300" ind1=" " ind2=" ">
    <subfield code="a">xvi, 391 pages ;</subfield>
    <subfield code="c">26 cm.</subfield>
  </datafield>
  <datafield tag="336" ind1=" " ind2=" ">
    <subfield code="a">text</subfield>
    <subfield code="b">txt</subfield>
    <subfield code="2">rdacontent</subfield>
  </datafield>
  <datafield tag="337" ind1=" " ind2=" ">
    <subfield code="a">unmediated</subfield>
    <subfield code="b">n</subfield>
    <subfield code="2">rdamedia</subfield>
  </datafield>
  <datafield tag="338" ind1=" " ind2=" ">
    <subfield code="a">volume</subfield>
    <subfield code="b">nc</subfield>
    <subfield code="2">rdacarrier</subfield>
  </datafield>
  <datafield tag="490" ind1=" " ind2="0">
    <subfield code="a">Routledge literature readers</subfield>
  </datafield>
  <datafield tag="504" ind1=" " ind2=" ">
    <subfield code="a">Includes bibliographical references and index.</subfield>
  </datafield>
  <datafield tag="505" ind1=" " ind2=" ">
    <subfield code="a">Time-space compression and the postmodern condition / David Harvey -- The globalising of modernity / Anthony Giddens --
The universalism-particularism issue / Roland Robertson --
Disjuncture and difference / Arjun Appadurai -- Querying globalization / J.K Gibson-Graham -- The global situation / Anna Tsing -- Modernity as history : post-revolutionary China, globalization and the question of modernity / Arif Dirlik --
Free trade and culture / George Y&#xFA;dice -- Performative discourse and social form / Angus Cameron and Ronen Palan --
The multitude against empire / Antonio Negri and Michael Hardt -- Conjectures on world literature / Franco Moretti --
Beyond discipline : globalization and the future of English / Paul Jay -- Globalization and the claims of postcoloniality / Simon Gikandi -- Globalization, peace, and cosmopolitanism / Jacques Derrida -- Turn to the planet : literature, diversity, and totality / Masao Miyoshi -- 'Untranslatable' Algeria : the politics of linguicide / Emily Apter. Deterritorialization and eco-cosmopolitanism / Ursula K. Heise -- 'Greening' postcolonialism : ecocritical perspectives / Graham Huggan --
Surfing the second wave : Amitav Ghosh's The hungry tide / Pablo Mukerhjee -- Derrida's debt to Milton Friedman / Michael Tratner -- Giving and receiving : Nurudin Farah's gifts or the postcolonial logic of third world aid / Tim Woods -- Aesthetics of globalization in contemporary fiction : the function of the fall of the Berlin Wall / Padmaja Challakere -- eEmpires / Rita Raley --
Fear and loathing in globalization / Frederic Jameson --
Indians : the globalized woman on the community stage / Katrin Sieg -- The sweatshop sublime / Bruce Robbins --
The hungry ghost : IMF policy, capitalist transformation and laboring bodies in southeast Asia / Joseph Medley and Lorrayne A. Carroll -- East African literature and the politics of global reading / Peter J. Kalliney -- We are not the world : global village, universalism, and Karen Tei yamashita's Tropic of orange / Sue-Im Lee -- An elegy for African cosmopolitanism : phaswane Mpe's Welcome to our hillbrow / Neville Hoad --
Movements and protests / Suman Gupta.</subfield>
  </datafield>
  <datafield tag="520" ind1=" " ind2=" ">
    <subfield code="a">Globalization has had a huge impact on thinking across the humanities, redefining the understanding of fields such as communication, culture, politics and literature. This reader charts significant moments in the emergence of contemporary thinking about globalization and explores their significance for and impact on literary studies.</subfield>
  </datafield>
  <datafield tag="650" ind1=" " ind2="7">
    <subfield code="a">Literature and globalization.</subfield>
    <subfield code="2">BUEsh</subfield>
    <subfield code="9">41554</subfield>
  </datafield>
  <datafield tag="650" ind1=" " ind2="7">
    <subfield code="a">Globalization in literature.</subfield>
    <subfield code="2">BUEsh</subfield>
    <subfield code="9">41553</subfield>
  </datafield>
  <datafield tag="651" ind1=" " ind2=" ">
    <subfield code="2">BUEsh</subfield>
  </datafield>
  <datafield tag="653" ind1=" " ind2=" ">
    <subfield code="b">HHUUEENN</subfield>
    <subfield code="c">October2016</subfield>
  </datafield>
  <datafield tag="700" ind1="1" ind2=" ">
    <subfield code="a">Connell, Liam&#x200F;,</subfield>
    <subfield code="e">editor.</subfield>
    <subfield code="9">41551</subfield>
  </datafield>
  <datafield tag="700" ind1="1" ind2=" ">
    <subfield code="a">Marsh, Nicky&#x200F;,</subfield>
    <subfield code="e">editor.</subfield>
    <subfield code="9">41552</subfield>
  </datafield>
  <datafield tag="942" ind1=" " ind2=" ">
    <subfield code="2">ddc</subfield>
    <subfield code="c">BB</subfield>
  </datafield>
  <datafield tag="952" ind1=" " ind2=" ">
    <subfield code="0">0</subfield>
    <subfield code="1">0</subfield>
    <subfield code="2">ddc</subfield>
    <subfield code="4">0</subfield>
    <subfield code="7">0</subfield>
    <subfield code="8">Academic</subfield>
    <subfield code="a">MAIN</subfield>
    <subfield code="b">MAIN</subfield>
    <subfield code="c">2ND</subfield>
    <subfield code="d">2016-10-17</subfield>
    <subfield code="e">Purchase</subfield>
    <subfield code="g">351.00</subfield>
    <subfield code="h">9118</subfield>
    <subfield code="l">2</subfield>
    <subfield code="m">5</subfield>
    <subfield code="o">809.933552 LIT</subfield>
    <subfield code="p">000033446</subfield>
    <subfield code="r">2025-07-15 00:00:00</subfield>
    <subfield code="s">2019-11-27</subfield>
    <subfield code="v">438.00</subfield>
    <subfield code="y">BB</subfield>
  </datafield>
</record>
